Destinos [juego] /
Guardado en:
| Formato: | Objeto Físico |
|---|---|
| Publicado: |
Argentina :
The toy company,
[200?]
|
| Materias: | |
| Etiquetas: |
Agregar Etiqueta
Sin Etiquetas, Sea el primero en etiquetar este registro!
|
| LEADER | 00802nrm a22001575g 4500 | ||
|---|---|---|---|
| 001 | CEM.cems019356 | ||
| 008 | 130507b200?##################0###0#####d | ||
| 005 | 20220830163833.0 | ||
| 003 | CEMS | ||
| 245 | 0 | 0 | |a Destinos [juego] / |c Toyco |
| 260 | |a Argentina : |b The toy company, |c [200?] | ||
| 300 | |a 1 juego (1 tablero,30 cartas de oportunidad, 24 cartas de experiencia, 6 cartas de títulos universitarios, dinero, talonario anotaciones,6 peones, 2 dados) ; en caja 26 x 42 x 6 cm. + manual de instrucciones. | ||
| 500 | |a Para 2 a 6 jugadores a partir de 8 años objetivo: tu eliges la fórmula que te llevará al éxito, fama, fortuna, felicidad...construye tu destino para lograr ser el ganador. | ||
| 082 | J | 7 | |3 .9 |
| 653 | |a 1. juegos de negocios y finanzas | ||
| 859 | |a CEMS |b BIB. CEMS - Ludoteca |h J793.9 |p 351.08 |t Ej.1 | ||
